000 00319nam a22001457a 4500
020 _a978-8486882405
041 _aENG
100 _aSingh R. J
245 _aWatershed Planning And Managemnt
250 _aThird
260 _ajaipur
_bYash Pub House
_c2016
300 _a644
650 _aSWCE
856 _uSWCE ( 06 )
999 _c185
_d185